Hľadanie alternatív

Ľavicové juhoamerické vlády sa pokúšajú o vlastný model rozvoja hospodárstva a spoločnosti. USA a medzinárodné obchodné finančné inštitúcie sa nestačia čudovať nad radikalizáciou postojov niektorých juhoamerických krajín k pravidlám globalizačných procesov vo svete. Vzťahy medzi Bolíviou, Venezuelou...

Description complète

Enregistré dans:
Détails bibliographiques
Auteur principal: Pressburg, Adrian Peter
Format: Chapitre de livre
Langue:slovaque
Sujets:
Tags: Ajouter un tag
Pas de tags, Soyez le premier à ajouter un tag!

MARC

LEADER 00000naa$a2200000$$$4500
001 0042493
005 20231009083101.5
041 0 |a slo 
044 |a SK 
245 1 0 |a Hľadanie alternatív  |c Adrian Peter Pressburg 
520 |a Ľavicové juhoamerické vlády sa pokúšajú o vlastný model rozvoja hospodárstva a spoločnosti. USA a medzinárodné obchodné finančné inštitúcie sa nestačia čudovať nad radikalizáciou postojov niektorých juhoamerických krajín k pravidlám globalizačných procesov vo svete. Vzťahy medzi Bolíviou, Venezuelou, Argentínou a Brazíliou. Spoločný záujem výstavby plynovodu, ktorý má prepravovať venezuelský plyn a zásobovať značnú časť územia Južnej Ameriky. Perspektívy rozvoja Južnej Ameriky. 
610 2 0 |a rozvoj hospodársky 
610 2 0 |a Južná Amerika 
610 2 0 |a Bolívia 
610 2 0 |a Venezuela 
610 2 0 |a Argentína 
610 2 0 |a Brazília 
610 2 0 |a spolupráca hospodárska medzinárodná 
610 2 0 |a radikalizmus 
610 2 0 |a plyn zemný 
610 2 0 |a ropa 
610 2 0 |a plynovody 
100 1 |a Pressburg, Adrian Peter